Via Crisis Revista electrn̤ica de Derecho concursal

Detalles Bibliográficos
Formato: Desconocido
Lenguaje:inglés
Publicado: Lima (Per)︢ : Carbonell O'Brien Abogados
Materias:
Acceso en línea:Acceso restringido

MARC

LEADER 00000ny a22000003n 4500
005 20110510131948.0
008 071017c19uu9999us mr pss 0 a0eng d
035 |a 2219 
040 |a BUS  |d vLex 
090 |c 1542  |d 1542 
245 3 0 |a Via Crisis  |h [Recurso electrn̤ico]  |b Revista electrn̤ica de Derecho concursal 
256 |a Servicio en ln̕ea 
260 |a Lima (Per)︢ :  |b Carbonell O'Brien Abogados 
506 1 |a Contenido solo disponible en los productos indicados  |d vLex Global  |d vLex Global (Academic Edition, excluding Law Schools)  |d vLex Global (U.S. Academic Edition, Law Schools)  |d vLex Global (U.S. Academic Edition, excluding Law Schools)  |d vLex Global (Academic Edition, Law Schools) 
650 0 4 |a Quiebra  |z Espaąl  |x Publicaciones perid̤icas 
740 0 |a vLex Revista (Servicios en ln̕ea) 
843 |a Electrn̤ica. Abierta 
853 |8 1  |i (year)  |j (month)  |k (day) 
856 4 0 |u http://vlex.com/account/login_ip?fuente_id=2219  |z Acceso restringido 
942 |c REV